| 000 | 00000nam##2200000za#4500 |
| 001 | 9.641943 |
| 003 | CaOODSP |
| 005 | 20210624223446 |
| 007 | cr ||||||||||| |
| 008 | 150407|2003||||xxc|||||o f|0| 0 fre|d |
| 040 | |aCaOODSP|bfre |
| 043 | |an-cn--- |
| 086 | 1 |aEn4-174/2003F-PDF |
| 110 | 1 |aCanada. |bEnvironnement Canada. |bDirection générale de la vérification et de l'évaluation. |
| 245 | 10|aVérification des subventions et contributions de catégories 301, 302, 304 et 305 |h[ressource électronique] |
| 260 | |aGatineau - Québec : |bEnvironnement Canada. |c[2003]. |
| 300 | |a25p.|btableaux |
| 590 | |a13-14-Supp|b2013-05-30 |
| 691 | 07|aSubvention|2gcpds |
| 775 | 08|tAudit of grants and contributions classes 301, 302, 304 & 305 |w(CaOODSP)9.697951 |
| 856 | 40|ahttp://publications.gc.ca|qPDF|s134 Ko|uhttps://publications.gc.ca/collections/collection_2013/ec/En4-174-2003-fra.pdf |